00549 2200205 4500001002100000005001700021008004100038035002400079082001100103090002100114100002000135245004400155260003300199300002500232650003700257850001500294980001300309985000600322999001500328YOGYA-0209000006615020090227091854.0 ind  0010-020900000066150 a899.23 a899.23bSas MlN aSASTROATMOJO, S aMelati di Kediricoleh S. Sastroatmodjo aJakartabBalai Pustakac1980 a140 hlmbilusc22 cm aKesusasteraan Indonesia - Cerita aYOPDYOG(B) a24-07-08 a1 aP000025099